000 00481nam a2200181 4500
020 _a9789348132871
082 _aM5
_bSUK/N
100 _aSukumar Azheekkode
245 _aNammal avatharikkenda Gandhiji/
_cby Sukumar Azheekkode
260 _aKozhikkode:
_bAtma books,
_c2025.
300 _a148p.
650 _aSpeeches Malayalam
650 _aLiterature Malayalam
650 _aLiterature
700 _aGilson John(comp.)
700 _aPaul Manalil(comp.ed.)
942 _cBK
999 _c181757
_d181757